Gatunek żółtego sera. - Statystyki

Ogólne statystyki
  • Ten quiz został rozwiązany 26 razy
  • Średni wynik to 2 z 5
Statystyki odpowiedzi
Hint Odpowiedź % Poprawnych
2. Gouda
100%
1. Edam
48%
4. Ementaler
44%
5. Podlaski
16%
3. Morski
12%
Nie znaleziono quizów pasujących do podanych kryteriów
Rozkład punktacji
Procent ludzi z każdym wynikiem
Percentyl według liczby udzielonych odpowiedzi
Twoja historia wyników
Nie rozwiązałeś tego quizu